| 000 | 00755nam a2200217 a 4500 | ||
|---|---|---|---|
| 999 |
_c7832 _d7832 |
||
| 001 | 7832 | ||
| 003 | BD-JhCC | ||
| 005 | 20180214131844.0 | ||
| 008 | 180214s2002 bg |||| ||a| 000 0 ben d | ||
| 035 | _a(BD-JhCC)7832 | ||
| 040 |
_aBD-JhCC _dBD-JhCC |
||
| 041 | _aben | ||
| 082 |
_a297.1226 _bBUK 2002 |
||
| 100 | _a বুকাইলী, মরিস | ||
| 245 |
_aকুরআন ও আধুনিক বিজ্ঞান / _cমরিস বুকাইলী; মুহম্মদ জালালউদ্দীন বিশ্বাস (অনুবাদক) |
||
| 260 |
_aঢাকা : _bজ্ঞানকোষ প্রকাশনী, _c2002. |
||
| 300 |
_a64 p. : _c22 cm. |
||
| 650 | _aAl-Quran | ||
| 942 |
_2ddc _cBK |
||